LEADER 01140nam1-2200385---450- 001 990003117440203316 005 20080610152114.0 035 $a000311744 035 $aUSA01000311744 035 $a(ALEPH)000311744USA01 035 $a000311744 100 $a20080610d--------km-y0itay50------ba 101 $afre 102 $aFR 105 $a||||||||001yy 200 1 $aÉtudes rabelaisiennes$fFrançois Rigolot 210 $aGenève$cLibraire Droz 215 $av.$d26 cm 225 2 $aTravaux d'Humanisme et Renaissance$v121 410 0$12001$aTravaux d'Humanisme et Renaissance 454 1$12001 461 1$1001-------$12001 463 \1$1001990003117460203316$12001 $a<> : <> langages de Rabelais 606 0 $aRabelais, François-Opere-Lingua$xOpere$xLingua 676 $a843.3 700 1$aRIGOLOT,$bFrançois$0392310 801 0$aIT$bsalbc$gISBD 912 $a990003117440203316 951 $aII.4.B.$bDSLL 959 $aBK 969 $aDSLL 979 $aDSLL$b90$c20080610$lUSA01$h1514 979 $aDSLL$b90$c20080610$lUSA01$h1521 996 $aÉtudes rabelaisiennes$91020541 997 $aUNISA LEADER 00972nam a2200229 i 4500 001 991000946759707536 008 101115s2009 be b 001 0 fre d 020 $a9782503532615 035 $ab13936281-39ule_inst 040 $aDip.to Filologia Class. e Scienze Filosofiche$bita 100 1 $aRatti, Stéphane$0473926 245 10$aAntiquus error :$bles ultimes feux de la résistence païenne :$bscripta varia augmentes de cinq etudes inedites/$cSthephane Ratti 260 $aTurnhout :$bBrepols,$c2010 300 $a328 p. ;$c28 cm 440 0$aBibliothèque de l'Antiquité Tardive ;$v14 504 $aContiene riferimenti bibliografici. Indici 907 $a.b13936281$b02-04-14$c15-11-10 912 $a991000946759707536 945 $aLE007 292 RAT 01.01$g1$i2007000203729$lle007$nLE007 2010 Capone$op$pE40.00$q-$rl$s- $t0$u0$v0$w0$x0$y.i15197268$z16-11-10 996 $aAntiquus error$9250028 997 $aUNISALENTO 998 $ale007$b15-11-10$cm$da $e-$ffre$gbe $h0$i0